[Event "IECG OP.2006.0.00044"]
[Site "IECG email"]
[Date "2006.05.17"]
[Round "?"]
[White "Kannankara, Aravind"]
[Black "Arut, Marcos"]
[Result "0-1"]
[WhiteElo "800"]
[BlackElo "800"]
[PlyCount "46"]
[EventDate "2006.05.17"]
[EventType "tourn (corr)"]
[EventRounds "6"]
[SourceTitle "Corr 2008"]
[Source "ChessBase"]
[SourceDate "2008.06.24"]
[SourceVersion "1"]
[SourceVersionDate "2008.06.24"]
[SourceQuality "1"]

1. e4 c5 2. Nc3 Nc6 3. Nf3 d6 4. Bb5 Bd7 5. d3 Nf6 6. 0-0 e5 7. Bg5 Be7 8. a3 0-0 9. Bxc6 Bxc6 10. b4 a6 11. bxc5 h6 12. cxd6 Qxd6 13. Bh4 Rac8 14. Re1 b5 15. Bg3 Nd7 16. d4 f6 17. d5 Bb7 18. Nh4 Rxc3 19. Nf5 Qc5 20. Qg4 Rf7 21. Nxh6+ Kf8 22. Nxf7 Bc8 23. Qh5 Rxc2 0-1